000 00419nam a2200133 4500
999 _c6311
_d6311
008 170220b xxu||||| |||| 00| 0 eng d
082 _aDPer 910.5 T69 Jan-Aug 2015 v. 1-4
245 _aThe mystic charms of Iceland.
260 _aPhilippines:
_bOne Mega Group,
_c©2015.
300 _av4, pages 64-68:
_billustrations;
_c28 cm.
500 _aTravel Now.
650 0 _918944
_aTourist trade
_zIceland
942 _2ddc
_cPER